Špekulovať kvôli úverom bude na súdoch ťažšie
Príprava novely zákona o spotrebiteľských úveroch, ktorá zavádza pre finančníkov pravidlá obozretnosti pri úverovaní. Zapracovanie záverov Európskeho súdneho dvora. Podľa návrhu novely sa počet závažných náležitostí v zmluve o spotrebiteľskom úvere zúži na tretinu. Súd stále bude môcť zrušiť úroky a...
Uložené v:
| Hlavný autor: | |
|---|---|
| Médium: | Kapitola |
| Jazyk: | Slovak |
| Predmet: | |
| Tagy: |
Žiadne tagy, Buďte prvý, kto otaguje tento záznam!
|
MARC
| LEADER | 00000naa a2200000 4500 | ||
|---|---|---|---|
| 001 | 0236104 | ||
| 005 | 20170928122808.5 | ||
| 041 | 0 | |a slo | |
| 044 | |a SK | ||
| 245 | 1 | 0 | |a Špekulovať kvôli úverom bude na súdoch ťažšie |c Martina Kláseková |
| 520 | |a Príprava novely zákona o spotrebiteľských úveroch, ktorá zavádza pre finančníkov pravidlá obozretnosti pri úverovaní. Zapracovanie záverov Európskeho súdneho dvora. Podľa návrhu novely sa počet závažných náležitostí v zmluve o spotrebiteľskom úvere zúži na tretinu. Súd stále bude môcť zrušiť úroky a poplatky. | ||
| 610 | 2 | 0 | |a úver spotrebiteľský |
| 610 | 2 | 0 | |a zmluvy |
| 610 | 2 | 0 | |a spotrebitelia |
| 610 | 2 | 0 | |a ochrana spotrebiteľa |
| 610 | 2 | 0 | |a legislatíva |
| 610 | 2 | 0 | |a novelizácia |
| 610 | 2 | 0 | |a súdy |
| 610 | 2 | 0 | |a Slovensko |
| 100 | 1 | |a Kláseková, Martina | |